| 000 | 00549nam a2200181Ia 4500 | ||
|---|---|---|---|
| 001 | 23842 | ||
| 005 | 20260414151004.0 | ||
| 008 | 260414t1964||||xx |||||||||||||| ||spa|| | ||
| 041 | _aESP | ||
| 082 |
_a720.1 _bH48 |
||
| 100 |
_aHesselgren, Sven, _eAUT |
||
| 245 | 0 |
_aLos medios de expresión de la arquitectura : _bn estudio teórico de la arquitectura en el que se aplican la psicología experimental y la semántica |
|
| 260 | _c1964 | ||
| 300 |
_axv, 383 páginas : _c25 cm. |
||
| 650 | _aABD | ||
| 654 | _aCAU | ||
| 942 |
_cLIB _dJUS _fJUS _2ddc _n |
||
| 999 |
_c23842 _d23842 |
||